000 00722nms a22001937a 4500
999 _c36180
_d36180
003 OSt
005 20251024224441.0
008 160818b xxu||||| |||| 00| 0 eng d
010 _ahttp://34.236.229.248:8080/cgi-bin/koha/cataloguing/addbiblio.pl?biblionumber=33255&op=duplicate#
040 _cBMC
082 _2
_a342.026437284
245 0 0 _aDiario Oficial, mayo
_b: República de El Salvador
_cImprenta Nacional
260 _aSan Salvador (El Salvador)
_bImprenta Nacional
_c2025
300 _aDatos (21 archivos: 685 MB)
_b12 cm
490 _aDiario Oficial 447
650 2 4 _96431
_aControl constitucional de leyes
_zEl Salvador
710 _939504
_aImprenta Nacional de El Salvador
942 _2ddc
_cCD
_hprozim